Research Journal of Science and Technology (Record no. 10026)
[ view plain ]
| 000 -LEADER | |
|---|---|
| fixed length control field | 00404nam a22001217a 4500 |
| 003 - CONTROL NUMBER IDENTIFIER | |
| control field | OSt |
| 008 - FIXED-LENGTH DATA ELEMENTS--GENERAL INFORMATION | |
| fixed length control field | 201218b ||||| |||| 00| 0 eng d |
| 245 ## - TITLE STATEMENT | |
| Title | Research Journal of Science and Technology |
| 250 ## - EDITION STATEMENT | |
| Edition statement | 2016(Jan-Mar Vol.8 No.1, Apr-Jun Vol.8 No.2, Jul-Sep Vol.8 No.3, Oct-Dec Vol.8 No.4) |
| 260 ## - PUBLICATION, DISTRIBUTION, ETC. (IMPRINT) | |
| Place of publication, distribution, etc | Raipur, C.G. |
| Name of publisher, distributor, etc | A and V Publications |
| 650 ## - SUBJECT ADDED ENTRY--TOPICAL TERM | |
| Topical term or geographic name as entry element | Computer Science Engineering |
| 942 ## - ADDED ENTRY ELEMENTS (KOHA) | |
| Source of classification or shelving scheme | Dewey Decimal Classification |
| Koha item type | BOUND VOLUME |
| Withdrawn status | Lost status | Source of classification or shelving scheme | Materials specified (bound volume or other part) | Damaged status | Not for loan | Collection code | Home library | Current library | Date acquired | Source of acquisition | Serial Enumeration / chronologySerial Enumeration / Volume No. | Total Checkouts | Acc. no. / Barcode | Date last seen | Bill Date | Koha item type |
|---|---|---|---|---|---|---|---|---|---|---|---|---|---|---|---|---|
| Dewey Decimal Classification | Bound Volume | Not For Loan | B.Tech(CSE) | PIET C-LIBRARY | PIET C-LIBRARY | 19/12/2020 | A and V Publications | 2016(Jan-Mar Vol.8 No.1, Apr-Jun Vol.8 No.2, Jul-Sep Vol.8 No.3, Oct-Dec Vol.8 No.4) | BV764 | 19/12/2020 | 09/01/2016 | BOUND VOLUME |